Lo gremial, pilar del desarrollo palmero / (Registro nro. 12369)

Detalles MARC
000 -LEADER
fixed length control field 01128nam a2200253Ia 4500
003 - CONTROL NUMBER IDENTIFIER
control field OSt
005 - DATE AND TIME OF LATEST TRANSACTION
control field 20210907131031.0
008 - FIXED-LENGTH DATA ELEMENTS--GENERAL INFORMATION
fixed length control field 210310s2009 ck ado gr 000 0 spa d
020 ## - INTERNATIONAL STANDARD BOOK NUMBER
International Standard Book Number 9789588616025
040 ## - CATALOGING SOURCE
Original cataloging agency CO-JMCR
Transcribing agency CO-JMCR
041 0# - LANGUAGE CODE
Language code of text/sound track or separate title spa
082 04 - DEWEY DECIMAL CLASSIFICATION NUMBER
Classification number 338.175851 /
Item number M578g
Edition number 23
100 1# - MAIN ENTRY--PERSONAL NAME
Personal name Mesa Dishington, Jens,
Relator term autor
9 (RLIN) 28041
245 13 - TITLE STATEMENT
Title Lo gremial, pilar del desarrollo palmero /
Statement of responsibility, etc. Jens Mesa Dishington, Federación Nacional de Cultivadores de Palma
260 ## - PUBLICATION, DISTRIBUTION, ETC.
Place of publication, distribution, etc. Bogotá :
Name of publisher, distributor, etc. Fedepalma,
Date of publication, distribution, etc. 2009.
300 ## - PHYSICAL DESCRIPTION
Extent 185 páginas :
Other physical details ilustraciones, gráficas y fotografías en blanco y negro ;
Dimensions 33 cm.
501 ## - WITH NOTE
With note Con: notas a pie de páginas.
505 0# - FORMATTED CONTENTS NOTE
Formatted contents note Bajo el signo de la construcción permanente. -- De cómo nos hicimos dueños de la construcción de futuro (1989-1997). -- El nuevo impulso (1998-2003). -- La consolidación (2004-2009).
650 14 - SUBJECT ADDED ENTRY--TOPICAL TERM
Topical term or geographic name entry element Unidad gremial
General subdivision Fedepalma
Geographic subdivision Colombia
9 (RLIN) 40098
650 24 - SUBJECT ADDED ENTRY--TOPICAL TERM
Topical term or geographic name entry element Núcleos palmeros
Geographic subdivision Colombia
9 (RLIN) 40099
650 24 - SUBJECT ADDED ENTRY--TOPICAL TERM
Topical term or geographic name entry element Negocio de biodiésel
Geographic subdivision Colombia
9 (RLIN) 40100
710 1# - ADDED ENTRY--CORPORATE NAME
Corporate name or jurisdiction name as entry element Federación Nacional de Cultivadores de Palma
Relator term coautor
9 (RLIN) 40101
942 ## - ADDED ENTRY ELEMENTS (KOHA)
Source of classification or shelving scheme Dewey Decimal Classification
Koha item type Books
Existencias
Withdrawn status Lost status Source of classification or shelving scheme Damaged status Not for loan Home library Current library Shelving location Date acquired Source of acquisition Full call number Barcode Date last seen Copy number Price effective from Koha item type
    Dewey Decimal Classification     Biblioteca Pública José María del Castillo y Rada Biblioteca Pública José María del Castillo y Rada General Stacks 04/15/2018 Donación 338.175851 / M578g 430005376 05/16/2024 Ej.1 03/10/2021 Books